000 00575nam a22002057a 4500
003 OSt
005 20140310181738.0
008 130321t xxu||||| |||| 00| 0 eng d
020 _a0140126805
050 _aBF 723
_b.D287 1993
082 _aTR 153.42
_bDe35 1993
245 _aTeach your child how to think /
_cEdward de Bono.
260 _aNew York :
_bPuffin Books,
_c1992.
300 _a313 p. :
_bill. ;
_c24 cm.
520 _a1. Thought and thinking 2. Educational psychology
521 _aFaculty
541 _j1
562 _e1
942 _2lcc
_cBK-TR
_kTR
999 _c2652
_d2652